2008 Game 7 Philadelphia Phillies Box Score - Statistics

General Stats
  • This quiz has been taken 199 times
  • The average score is 6 of 14
Answer Stats
Position Player % Correct
SS Jimmy Rollins
97%
1B Ryan Howard
94%
2B Chase Utley
92%
SP Cole Hamels
64%
C Carlos Ruiz
45%
CF Shane Victorino
43%
RP Brad Lidge
37%
RF Jayson Werth
35%
LF Pat Burrell
33%
3B Pedro Feliz
30%
PR-LF Eric Bruntlett
17%
PH Geoff Jenkins
17%
RP Ryan Madson
17%
RP JC Romero
16%
No matching quizzes found
Score Distribution
Percent of People with Each Score
Percentile by Number Answered
Your Score History
You have not taken this quiz